000 00337nam a2200145Ia 4500
005 20251222141848.0
008 251222s9999||||xx |||||||||||||| ||spa||
020 _a968-23-2114-X
082 _a374.1/F83
100 _aFreire, Paulo
245 0 _aCartas a Guinea-Bissau:
250 _a9a.ed.
264 _bSiglo Veintiuno
942 _cLIB
999 _c7626
_d7626